000 00638nam a2200205Ia 4500
001 14810
003 GE_BSU
008 181216s||||||||xx |||||||||||||| ||und||
040 _cGE_BSU
080 _a515.1
100 _aАдамс,Дж.
245 _aБесконечнократные пространства петель
245 _cПод.ред.Д.Б.Фукса. Пер. с англ.Ю.Б.Рудяка А.В. Шокурова
260 _aМосква
260 _bМир
260 _c1982
300 _a198стр.21см.
653 _aБесконечнократные пространства петель
942 _cBK
999 _c47933
_d47933